000 00251nam a2200109Ia 4500
008 220204s9999 xx 000 0 und d
082 _a803
_bADA
100 _aAdams, J
245 0 _aGerman
260 _aLondon
_bHodder and Stoughton
_c1977
942 _cBK
999 _c29401
_d29401